Normal view
MARC view
- Schutter, Olivier de
Entry Personal Name
001 - CONTROL NUMBER
- control field: 83441
003 - CONTROL NUMBER IDENTIFIER
- control field: NUST
005 - DATE AND TIME OF LATEST TRANSACTION
- control field: 20211027123917.0
008 - FIXED-LENGTH DATA ELEMENTS
- fixed length control field: 211027|| aca||aabn | a|a d
040 ## - CATALOGING SOURCE
- Original cataloging agency: NUST
- Transcribing agency: NUST
100 ## - HEADING--PERSONAL NAME
- Personal name: Schutter, Olivier de
670 ## - SOURCE DATA FOUND
- Source citation: Work cat.: (NUST)0: Schutter, Olivier de, author., International human rights law :
